01120nam a22003137a 450000500170000000800410001701000100005801100100006803500100007809000100008810000470009824501160014526000400026130000110030150000140031250200810032659000370040759000410044459000410048559000410052659000420056765000340060965000300064365000340067365000340070790100070074194900410074899900170078920220329141312.0971010s1990 r 00010 d a66076 a67048 a76188 aTesis00aUribe Canaleas, José de Jesús.9116919 aCaracterización de procesos productivos en cultivos hortofrutícolas de la parte norte del estado de Morelos aChapingo, Méx. :bEl autor,c1990 a147 h. a1992-1006 aTesis (Ing. Agr. Esp. en Zonas Aridas) -- UACH. Departamento de Zonas Aridas aALEPHb10c20130110lUCH01h1400 aBATCH-UPDb10c20130110lUCH01h1955 aBATCH-UPDb10c20130410lUCH01h1316 aBATCH-UPDb10c20130914lUCH01h1120 aCONVERSIONb10c20130109lUCH01h133614aCultivosxRendimiento.93031814aCultivoszMorelos.93036514aFruticulturaxMorelos.94373914aHorticulturaxMorelos.956360 aBK bZAcTESBDd-9198eTS1h346i76188si c66076d66076